| 000 | 00449nam a2200145Ia 4500 | ||
|---|---|---|---|
| 008 | 230917s9999||||xx |||||||||||||| ||und|| | ||
| 040 |
_e171538 _aMAIN |
||
| 041 | _aEnglish | ||
| 082 | _a891.432741 KY141S | ||
| 100 | _aकपूर, यदुनन्दन प्रसाद | ||
| 245 | 0 | _aसंध शरण गच्छामि | |
| 260 |
_aइलाहाबाद _bसरस्वती _c1978 |
||
| 300 | _a182 पृ. p. | ||
| 942 | _cHN | ||
| 999 |
_c226773 _d226773 |
||